Des mots terminant en B - Statistiques

Statistiques générales
  • Ce quiz a été pris 179 fois
  • Le résultat moyen est 17 sur 26
Statistiques - réponses
Définition
Nbre de
lettres
Initiale Mot % Correct
Emploi 3 J Job
98%
Internet 3 W Web
95%
Coiffe 3 B Bob
94%
Deux Roues 3 M Mob
94%
Supplément 3 R Rab
92%
Voiture 3 C Cab
90%
Coup en sport 3 L Lob
89%
Réclame 3 P Pub
89%
Grand arbre 6 B Baobab
88%
Médecin 6 T Toubib
84%
Bassin 3 T Tub
84%
Prétentieux 4 S Snob
83%
Cheval 3 C Cob
80%
Antilope 3 K Kob
80%
Port 3 H Hub
79%
Métal 5 P Plomb
79%
Association 4 C Club
74%
Plat oriental 5 K Kebab
66%
Richissime 5 N Nabab
51%
Assurance 6 A Aplomb
33%
Voile 5 N Niqab
18%
Association de pilotes 8 A Aéroclub
15%
Voile 6 H Hidjab
10%
En avancée 8 S Surplomb
8%
Commerce disparu 9 V Vidéoclub
5%
Réparation 6 R Radoub
4%
Aucun quiz correspondant
Distribution des résultats
% des personnes avec chaque résultat
Percentile par nombre de réponses
Votre historique - résultats
Vous n’avez pas pris ce quiz